000 00789cam a2200205 4500
001 J122401
008 030523n2003 000 0 eng u
035 _a(Sirsi) u122401
041 _aeng
050 _a333.332
_c18
110 _aRoyal Institution of Chartered Surveyors
_bValuation Faculty
_94354
245 4 _aThe new Red Book
_bwhat's changed?
260 _aLondon
_bRICS
_c2003
520 _aDetails the principle changes between the fourth and fifth editions of the Red Book in a tabular format.
650 _aRICS APPRAISAL AND VALUATION MANUAL
690 _aPROPERTY-PROPERTY APPRAISAL AND VALUATION
710 _aRoyal Institution of Chartered Surveyors
_94900
856 _uhttps://www.rics.org/RICSWEB/getpage.aspx?p=U6U7qa3FDkGVn3y_ftXXGg
_vView the Red Book
942 _n0
999 _c72755
_d72755